[Event "57"]
[Site "http://www.queenalice.com/game.php?id=544229"]
[Date "2009.2.21"]
[Round "-"]
[White "heckaugusto"]
[Black "aldebaran"]
[Result "0-1"]
[WhiteElo "1509"]
[BlackElo "1983"]

1. b3 e5 2. Bb2 d6 3. Nc3 Nf6 4. e4 c6 5. Nf3 g6 6. Qe2 Bg7 7. O-O-O O-O 8. h4
Bg4 9. d4 Nbd7 10. Qe3 Kh8 11. Be2 Ng8 12. dxe5 Bxf3 13. Bxf3 Bh6 14. exd6 Bxe3+
15. fxe3 Qb6 16. Nd5+ f6 17. Nxb6 axb6 18. Bg4 Ne5 19. Bh3 h5 20. Rhf1 Kh7 21.
Bxe5 fxe5 22. Rxf8 Rxf8 23. d7 Rd8 24. Rf1 Kg7 25. Be6 Nf6 26. c4 Nxe4 27. Rf7+
Kh6 28. Kc2 Nd6 29. Re7 e4 30. Kc3 c5 31. b4 g5 32. bxc5 bxc5 33. g3 Kg6 34. Bd5
Kf5 0-1

[Event "Challenge"]
[Site "http://www.queenalice.com/game.php?id=545842"]
[Date "2009.2.24"]
[Round "-"]
[White "stephane8cr"]
[Black "aldebaran"]
[Result "0-1"]
[WhiteElo "1909"]
[BlackElo "1953"]

1. e4 e5 2. Nf3 Nc6 3. Bb5 a6 4. Ba4 Nf6 5. O-O Be7 6. Bxc6 dxc6 7. Nxe5 Nxe4 8.
Qf3 Nf6 9. Nc3 Be6 10. d3 Bd6 11. Bf4 Nd5 12. Rfe1 Qf6 13. Nxd5 cxd5 14. Re2
O-O-O 15. Rae1 g5 16. Bg3 Qxf3 17. Nxf3 h6 18. Bxd6 Rxd6 19. d4 Re8 20. Ne5 Kd8
21. Nxf7+ Bxf7 0-1

[Event "Challenge"]
[Site "http://www.queenalice.com/game.php?id=546609"]
[Date "2009.2.26"]
[Round "-"]
[White "sioux"]
[Black "aldebaran"]
[Result "0-1"]
[WhiteElo "1733"]
[BlackElo "1880"]

1. d4 d5 2. e3 c6 3. Nf3 e6 4. Bd3 f5 5. a3 Nf6 6. c3 Bd6 7. b4 O-O 8. a4 a6 9.
a5 Nbd7 10. O-O Ne4 11. Bb2 Qe8 12. Nbd2 h6 13. h3 g5 14. Ne1 Ndf6 15. Ba3 g4
16. h4 g3 17. Bxe4 fxe4 18. f3 Qh5 19. fxe4 Qxd1 20. Rxd1 Nxe4 21. Rxf8+ Bxf8
22. Ndf3 Nxc3 23. Ra1 Bg7 24. Bb2 Ne4 25. Nd3 Bd7 26. Nc5 Nxc5 27. bxc5 Rf8 28.
Rb1 Rf7 29. Ba3 Be8 30. Bb4 Bf6 31. Be1 Rg7 32. Rb3 Bh5 33. Bd2 Bxf3 34. gxf3
Bxh4 35. e4 h5 36. Bh6 Rf7 37. Kg2 Kh7 38. Bf4 dxe4 39. fxe4 Rxf4 40. Rxb7+ Kg6
41. Rb6 Rxe4 42. Rxa6 Re2+ 43. Kf1 g2+ 44. Kg1 Bf6 45. Rxc6 Bxd4+ 46. Kh2 g1=Q+
0-1

[Event "Challenge"]
[Site "http://www.queenalice.com/game.php?id=549110"]
[Date "2009.3.2"]
[Round "-"]
[White "blikinn"]
[Black "aldebaran"]
[Result "0-1"]
[WhiteElo "1949"]
[BlackElo "2039"]

1. d4 Nf6 2. c4 g6 3. Nc3 Bg7 4. Bf4 d6 5. Nf3 O-O 6. h3 Nbd7 7. e4 e5 8. dxe5
Nxe4 9. Nxe4 dxe5 10. Bd2 f5 11. Nc3 c6 12. Bg5 Qe8 13. Qd6 h6 14. Bh4 g5 15.
Nxg5 hxg5 16. Bxg5 Nf6 17. O-O-O Be6 18. h4 Ng4 19. Rd2 Qf7 20. f3 Nf6 21. Qb4
Nh5 22. Bd3 Bf6 23. Ne2 Rac8 24. b3 Rb8 25. Qc5 a6 26. Qe3 Qg7 0-1

[Event "Challenge"]
[Site "http://www.queenalice.com/game.php?id=549111"]
[Date "2009.3.2"]
[Round "-"]
[White "aldebaran"]
[Black "blikinn"]
[Result "1-0"]
[WhiteElo "1905"]
[BlackElo "2031"]

1. f4 Nc6 2. Nf3 b6 3. e4 e6 4. Nc3 Bb7 5. d3 Bc5 6. d4 Bb4 7. Bd3 Nf6 8. O-O
Bxc3 9. bxc3 Ne7 10. Qe1 d6 11. e5 dxe5 12. fxe5 Nd7 13. Ng5 O-O 14. Bxh7+ Kh8
15. Qh4 1-0

[Event "Challenge"]
[Site "http://www.queenalice.com/game.php?id=587833"]
[Date "2009.5.13"]
[Round "-"]
[White "aldebaran"]
[Black "KLEOJ"]
[Result "0-1"]
[WhiteElo "2075"]
[BlackElo "2144"]

1. f4 e5 2. fxe5 d6 3. Nf3 Nc6 4. e4 Bg4 5. Bb5 dxe5 6. O-O Bc5+ 7. Kh1 Nf6 8.
d3 O-O 9. c3 Qe7 10. b4 Bd6 11. Nbd2 a5 12. Bxc6 bxc6 13. bxa5 Rxa5 14. Nc4 Ra6
15. a4 Rfa8 16. a5 h6 17. Rb1 Be6 18. Nh4 Nxe4 19. Nf5 Bxf5 20. dxe4 Bxe4 21.
Rb7 Bd5 22. Nb6 Rd8 23. Nxd5 cxd5 24. Qxd5 Rda8 25. c4 Rxa5 26. Rb5 R5a6 27. Qe4
Ra4 28. Be3 Rc8 29. Qg4 Qe6 30. Qxe6 fxe6 31. c5 Be7 32. c6 Bd6 33. h3 Rc4 34.
Rc1 Rxc1+ 35. Bxc1 Ra8 36. Bb2 Ra6 37. Bxe5 Rxc6 38. Bxd6 cxd6 39. Kh2 d5 40.
Rb8+ Kf7 41. Rd8 Rc3 0-1

[Event "Challenge"]
[Site "http://www.queenalice.com/game.php?id=595377"]
[Date "2009.5.29"]
[Round "-"]
[White "aldebaran"]
[Black "rhsatrhs"]
[Result "0-1"]
[WhiteElo "2108"]
[BlackElo "2046"]

1. f4 d5 2. Nf3 g6 3. e3 Bg7 4. d4 Nh6 5. Bd3 O-O 6. O-O c5 7. c3 Bf5 8. h3 Bxd3
9. Qxd3 Nf5 10. Re1 c4 11. Qe2 Ng3 12. Qc2 Nd7 13. Nbd2 Nf6 14. Ne5 Nfe4 15.
Nxe4 Nxe4 16. Nxc4 e6 17. Nd2 Qh4 18. Rf1 Ng3 19. Nf3 Qh5 20. Re1 Rfc8 21. Nd2
Bf6 22. e4 Bh4 23. Nf3 Nxe4 24. Nxh4 Qxh4 25. Bd2 Qf2+ 26. Kh1 Qxd2 27. Qxd2
Nxd2 28. Rac1 Ne4 29. Re3 Rab8 30. b3 b5 31. g4 Rb7 32. Kg2 Rbc7 0-1

[Event "Challenge"]
[Site "http://www.queenalice.com/game.php?id=595379"]
[Date "2009.5.29"]
[Round "-"]
[White "rhsatrhs"]
[Black "aldebaran"]
[Result "0-1"]
[WhiteElo "2003"]
[BlackElo "2077"]

1. e4 c5 2. Nf3 e6 3. d4 cxd4 4. Nxd4 Nf6 5. Nc3 Nc6 6. Bg5 Be7 7. Qd2 a6 8.
O-O-O O-O 9. f4 d6 10. Bxf6 Bxf6 11. Nxc6 bxc6 12. Qxd6 Qxd6 13. Rxd6 Bxc3 14.
bxc3 Bb7 15. Bc4 c5 16. f5 exf5 17. exf5 Bxg2 18. Rg1 Bh3 19. f6 g6 20. Rg5 Bf5
21. Bxa6 Rfd8 22. Rc6 h6 23. Rg2 Be4 0-1

[Event "Challenge"]
[Site "http://www.queenalice.com/game.php?id=605333"]
[Date "2009.6.17"]
[Round "-"]
[White "aldebaran"]
[Black "Phil_Corrigan"]
[Result "0-1"]
[WhiteElo "2088"]
[BlackElo "2175"]

1. f4 d5 2. Nf3 g6 3. g3 Bg7 4. Bg2 Nf6 5. O-O c5 6. d3 Nc6 7. c3 O-O 8. Na3 a6
9. Nh4 Qc7 10. f5 e5 11. e4 dxe4 12. dxe4 b6 13. Be3 Bb7 14. Nc4 Rad8 15. Qe2
Nd4 16. cxd4 cxd4 17. Rac1 dxe3 18. fxg6 hxg6 19. Qxe3 b5 20. Nd2 Qd6 21. Nhf3
Ng4 22. Qe2 Bh6 23. h3 Ne3 24. Rf2 Nxg2 25. Rxg2 Rc8 26. Rxc8 Rxc8 27. Nb3 Rc4
28. Na5 Qb6+ 0-1

[Event "Challenge"]
[Site "http://www.queenalice.com/game.php?id=612605"]
[Date "2009.7.3"]
[Round "-"]
[White "bruno_borges"]
[Black "aldebaran"]
[Result "0-1"]
[WhiteElo "2015"]
[BlackElo "2093"]

1. e4 c5 2. Nf3 e6 3. Bb5 a6 4. Be2 Nc6 5. d4 cxd4 6. Nxd4 Qc7 7. O-O Nf6 8. Nc3
Bd6 9. h3 Nxd4 10. Qxd4 Bc5 11. Qd1 b5 12. Bg5 Be7 13. Qd4 b4 14. e5 Bc5 15. Qf4
bxc3 16. exf6 Qxf4 17. Bxf4 cxb2 18. Rab1 Bd4 19. fxg7 Bxg7 20. Bd2 Rb8 21. Bd1
Rg8 22. c3 a5 23. Bb3 Ba6 24. Rfe1 Bd3 25. Rxb2 a4 0-1

[Event "Challenge"]
[Site "http://www.queenalice.com/game.php?id=612606"]
[Date "2009.7.3"]
[Round "-"]
[White "aldebaran"]
[Black "bruno_borges"]
[Result "0-1"]
[WhiteElo "2082"]
[BlackElo "2044"]

1. f4 d5 2. Nf3 Nf6 3. e3 Bg4 4. h3 Bd7 5. d3 Nc6 6. b3 e6 7. Bb2 Bb4+ 8. Nbd2
Qe7 9. a3 Ba5 10. Ne5 Bb6 11. Qe2 O-O-O 12. Ndf3 Ne8 13. Nxc6 Bxc6 14. O-O-O f6
15. g4 Rg8 16. b4 Nd6 17. Nd2 d4 18. e4 e5 19. Nc4 Nb5 20. Nxb6+ axb6 21. Qd2
Kd7 22. c3 dxc3 23. Bxc3 Nxa3 24. Qa2 Nb5 25. Bd2 exf4 26. Qb2 Qe5 27. Kb1 Ra8
28. Qxe5 fxe5 29. Kb2 Ra3 30. Ra1 Rga8 31. Rxa3 Rxa3 32. d4 Ra8 33. Bxb5 Bxb5
34. dxe5 g5 35. h4 f3 36. Be3 Rf8 37. Rh2 gxh4 38. Bf2 Rf4 39. Rxh4 Rxe4 40.
Rxh7+ Kc6 41. Rh6+ Kd5 42. Bg3 Re2+ 43. Kc3 f2 44. Bxf2 Rxf2 45. e6 Kd6 46. g5
Rg2 47. g6 Kxe6 48. g7+ Kf7 49. Rh7 Rxg7 50. Rxg7+ Kxg7 51. Kd4 Kf6 52. Kd5 Kf5
53. Kd4 Ke6 54. Ke4 c5 55. bxc5 bxc5 56. Ke3 Ke5 57. Kd2 Kd4 58. Kc1 c4 59. Kd2
c3+ 0-1

[Event "Challenge"]
[Site "http://www.queenalice.com/game.php?id=617167"]
[Date "2009.7.11"]
[Round "-"]
[White "aldebaran"]
[Black "stoyan1"]
[Result "1-0"]
[WhiteElo "2065"]
[BlackElo "1880"]

1. f4 e6 2. Nf3 c5 3. e3 g6 4. Be2 Nc6 5. O-O d6 6. d3 Bg7 7. c3 a6 8. e4 e5 9.
Na3 b5 10. Nc2 h5 11. Qe1 Be6 12. Ng5 Qe7 13. Nxe6 fxe6 14. Qg3 O-O-O 15. Qxg6
Qf6 16. Bxh5 Nge7 17. Qxf6 Bxf6 18. Bg4 Kb7 19. Bxe6 exf4 20. Bxf4 Be5 21. Bxe5
Nxe5 22. a4 Nxd3 23. axb5 axb5 24. Ra5 Kc6 25. Ra6+ Kc7 26. Ra7+ Kb6 27. Rxe7
Nxb2 28. Ra1 Na4 29. c4 Nc3 30. Rea7 bxc4 31. R1a6+ Kb5 32. Ra5+ Kb6 33. Na3 1-0

[Event "Challenge"]
[Site "http://www.queenalice.com/game.php?id=655026"]
[Date "2009.9.19"]
[Round "-"]
[White "aldebaran"]
[Black "thedead"]
[Result "1-0"]
[WhiteElo "2064"]
[BlackElo "1533"]

1. f4 d5 2. Nf3 Nf6 3. e3 c5 4. b3 e6 5. Bb2 Be7 6. Ne5 Nc6 7. Bb5 Qc7 8. O-O
O-O 9. d3 a6 10. Bxc6 bxc6 11. Nd2 Bb7 12. Qe1 Rfe8 13. Rf3 Rad8 14. g4 Nd7 15.
g5 f6 16. Nxd7 Qxd7 17. h4 fxg5 18. hxg5 g6 19. Qh4 Bf8 20. Rh3 c4 21. bxc4 Re7
22. Bf6 1-0

[Event "Challenge"]
[Site "http://www.queenalice.com/game.php?id=655499"]
[Date "2009.9.20"]
[Round "-"]
[White "aldebaran"]
[Black "thedead"]
[Result "1-0"]
[WhiteElo "2075"]
[BlackElo "1640"]

1. e4 e5 2. Nf3 Nc6 3. Bb5 a6 4. Ba4 Nf6 5. O-O b5 6. Bb3 Be7 7. Re1 O-O 8. c3
d6 9. h3 h6 10. d4 exd4 11. cxd4 Na5 12. Bc2 Nc4 13. e5 dxe5 14. dxe5 Nd5 15.
Qd3 g6 16. Bxh6 1-0

[Event "Challenge #01"]
[Site "http://www.queenalice.com/game.php?id=677601"]
[Date "2009.11.4"]
[Round "-"]
[White "Aylton"]
[Black "aldebaran"]
[Result "0-1"]
[WhiteElo "2061"]
[BlackElo "2066"]

1. d4 d5 2. Nf3 e6 3. e3 c6 4. a3 f5 5. c4 Nf6 6. Nc3 Bd6 7. Be2 O-O 8. O-O Ne4
9. Bd2 Nd7 10. c5 Bc7 11. b4 g5 12. h3 g4 13. hxg4 fxg4 14. Ne1 Qh4 15. g3 Nxg3
16. fxg3 Qxg3+ 0-1

[Event "Challenge #02"]
[Site "http://www.queenalice.com/game.php?id=677602"]
[Date "2009.11.4"]
[Round "-"]
[White "aldebaran"]
[Black "Aylton"]
[Result "1-0"]
[WhiteElo "2064"]
[BlackElo "2032"]

1. d4 Nf6 2. Nf3 d5 3. e3 e6 4. Bd3 c5 5. c3 a6 6. Nbd2 Nc6 7. O-O Be7 8. dxc5
Bxc5 9. e4 dxe4 10. Nxe4 Nxe4 11. Bxe4 Bd7 12. Qd3 f5 13. Bxc6 Bxc6 14. Qc4 Qd5
15. Qh4 O-O 16. c4 Qe4 17. Qxe4 Bxe4 18. Re1 Bxf3 19. gxf3 Rfe8 20. Be3 Bb4 21.
Re2 Kf7 22. a3 Ba5 23. b4 Bc7 24. Rd1 Rad8 25. Rdd2 h6 26. Rxd8 Rxd8 27. Rd2
Rxd2 28. Bxd2 Be5 29. f4 Bb2 30. a4 Kf6 31. b5 axb5 32. cxb5 e5 33. a5 exf4 34.
Bxf4 g5 35. a6 bxa6 36. bxa6 gxf4 37. a7 Kg5 38. a8=Q Bf6 39. Qg2+ Kh5 40. Qf3+
Kg5 41. h4+ Kxh4 42. Qxf4+ Kh5 43. Qxf5+ Bg5 44. f4 Kh4 45. fxg5 hxg5 46. Kg2 g4
47. Qf2+ 1-0

[Event "Challenge #03"]
[Site "http://www.queenalice.com/game.php?id=724354"]
[Date "2010.2.1"]
[Round "-"]
[White "Aylton"]
[Black "aldebaran"]
[Result "0-1"]
[WhiteElo "1990"]
[BlackElo "2079"]

1. d4 d5 2. Nf3 e6 3. e3 c6 4. a3 f5 5. c4 Nf6 6. Nc3 Bd6 7. cxd5 exd5 8. Be2
Nbd7 9. O-O Ne4 10. Bd2 O-O 11. h3 g5 12. Rc1 g4 13. hxg4 fxg4 14. Ne1 Qh4 15.
f4 gxf3 16. Nxf3 Rxf3 17. Rxf3 Qh2+ 0-1

[Event "Challenge #04"]
[Site "http://www.queenalice.com/game.php?id=724356"]
[Date "2010.2.1"]
[Round "-"]
[White "aldebaran"]
[Black "Aylton"]
[Result "1/2-1/2"]
[WhiteElo "2100"]
[BlackElo "1902"]

1. d4 Nf6 2. Nf3 d5 3. e3 e6 4. Bd3 c5 5. c3 a6 6. Nbd2 Nc6 7. O-O Be7 8. dxc5
Bxc5 9. e4 O-O 10. e5 Nd7 11. Nb3 Ba7 12. Bxh7+ Kxh7 13. Ng5+ Kg6 14. Qd3+ f5
15. Nxe6 Qe7 16. Nxf8+ Qxf8 17. Qg3+ Kf7 18. Bf4 Ne7 19. Rae1 Ke8 20. Bg5 b5 21.
Bxe7 Qxe7 22. Qg6+ Kd8 23. Nd4 Bxd4 24. cxd4 Nf8 25. Qb6+ Qc7 26. Qxc7+ Kxc7 27.
Rc1+ Kd7 28. g3 Ne6 29. Rfd1 Bb7 30. h4 g6 31. f4 Rc8 32. Rc3 b4 33. Rcd3 a5 34.
b3 Rc2 35. R3d2 Rxd2 36. Rxd2 Kc6 37. Kf2 Kb5 38. Kf3 a4 39. Ke3 a3 40. Rg2 Ng7
41. g4 Ka5 42. gxf5 Nxf5+ 43. Kd3 Ba6+ 44. Kd2 Nxd4 45. Rxg6 Nf3+ 46. Ke3 Nxh4
47. Rxa6+ Kxa6 48. Kd4 Kb6 49. Kxd5 Kc7 50. Ke6 Kd8 51. Kf7 Nf5 52. Kf6 Ne7 53.
f5 Ke8 54. Ke6 Nc6 55. Kd6 Nd4 56. f6 Kf7 57. Kc5 Nxb3+ 58. Kxb4 Nd4 59. Kc5
Ne6+ 60. Kb4 Nd4 61. Kxa3 Nf3 62. Kb4 Nxe5 63. a4 Kxf6 64. Kb5 Ke6 65. a5 Kd7
66. Kc5 1/2-1/2

[Event "Challenge"]
[Site "http://www.queenalice.com/game.php?id=738536"]
[Date "2010.2.27"]
[Round "-"]
[White "OpendemO"]
[Black "aldebaran"]
[Result "0-1"]
[WhiteElo "1821"]
[BlackElo "2095"]

1. Nf3 d5 2. g3 Nf6 3. Bg2 c6 4. O-O Bf5 5. b3 e6 6. Bb2 Nbd7 7. d3 Bd6 8. Nbd2
O-O 9. Re1 e5 10. e4 dxe4 11. dxe4 Bg4 12. h3 Bxf3 13. Nxf3 Qe7 14. c4 Rad8 15.
Qc2 Nc5 16. Nh4 g6 17. Rad1 Bc7 18. Ba3 Rxd1 19. Rxd1 Bd6 20. Qd2 Ne8 21. b4 Ne6
22. c5 Bc7 23. Nf3 Bb8 24. Bb2 f6 0-1

[Event "Challenge"]
[Site "http://www.queenalice.com/game.php?id=753048"]
[Date "2010.3.28"]
[Round "-"]
[White "Gil"]
[Black "aldebaran"]
[Result "0-1"]
[WhiteElo "1239"]
[BlackElo "2093"]

1. d4 f5 2. b3 e6 3. Bb2 d5 4. e3 Nf6 5. Nf3 Bd6 6. Ne5 Nbd7 7. f4 c6 8. Nc3 O-O
9. h3 Bc7 10. Qd2 Ne4 11. Nxe4 fxe4 12. O-O-O Nxe5 13. fxe5 a5 14. a4 Bd7 15. g4
b5 0-1

[Event "Challenge"]
[Site "http://www.queenalice.com/game.php?id=753050"]
[Date "2010.3.28"]
[Round "-"]
[White "aldebaran"]
[Black "Gil"]
[Result "1-0"]
[WhiteElo "2091"]
[BlackElo "1723"]

1. d4 d5 2. Nf3 e6 3. e3 Nf6 4. Bd3 c5 5. c3 c4 6. Bc2 Bd6 7. Nbd2 b5 8. O-O O-O
9. e4 dxe4 10. Nxe4 Nxe4 11. Bxe4 Nd7 12. Bxa8 Ba6 13. Be4 1-0

[Event "Challenge"]
[Site "http://www.queenalice.com/game.php?id=777582"]
[Date "2010.5.19"]
[Round "-"]
[White "Agildo"]
[Black "aldebaran"]
[Result "0-1"]
[WhiteElo "1773"]
[BlackElo "2094"]

1. d4 f5 2. Nf3 d5 3. Bf4 Nf6 4. e3 c6 5. c4 e6 6. Bd3 Bd6 7. Bxd6 Qxd6 8. O-O
O-O 9. Nc3 Ne4 10. c5 Qc7 11. Ne5 Nd7 12. Nf3 e5 13. Qc2 Nxc3 14. bxc3 e4 15.
Bxe4 fxe4 16. Ng5 Rf6 17. f3 Rh6 18. fxe4 Qxh2+ 19. Kf2 Qh4+ 20. Ke2 Qxg5 21.
Rf2 Qg4+ 22. Kd2 Qxe4 23. Rg1 Nf6 24. Qxe4 Nxe4+ 0-1

[Event "Challenge"]
[Site "http://www.queenalice.com/game.php?id=777583"]
[Date "2010.5.19"]
[Round "-"]
[White "aldebaran"]
[Black "Agildo"]
[Result "1-0"]
[WhiteElo "2092"]
[BlackElo "1676"]

1. e4 c6 2. d4 d5 3. Nc3 dxe4 4. Nxe4 Bf5 5. Ng3 Bg6 6. h4 h6 7. Nf3 Nf6 8. Ne5
Bh7 9. Bc4 e6 10. Qe2 Bd6 11. Nxf7 Kxf7 12. Qxe6+ Kf8 13. Qf7# 1-0